MARC

Tag First Indicator Second Indicator Subfields
LEADER 00000nam a2200000 i 4500
001 in00004554021
003 OCoLC
005 20220203165356.2
006 m o d
007 cr cnu---unuuu
008 210815s2022 iluab ob 001 0 eng
010 |a  2021038315 
024 8 |a 40030958369 
040 |a DLC  |b eng  |e rda  |c DLC  |d OCLCO  |d OCLCF  |d OCLCO  |d YDX  |d P@U  |d YDX 
020 |a 9780252053207  |q electronic book 
020 |a 0252053206  |q electronic book 
020 |z 9780252044243  |q hardcover 
020 |z 9780252086281  |q paperback 
035 |a (OCoLC)1269413141 
042 |a pcc 
043 |a n-us-il 
050 4 |a LC2698.C45  |b V45 2022 
082 0 0 |a 371.82968/7295  |2 23 
100 1 |a VelaÌ?zquez, Mirelsie,  |d 1975-  |e author. 
245 1 0 |a Puerto Rican Chicago :  |b schooling the city, 1940-1977 /  |c Mirelsie VelaÌ?zquez. 
264 1 |a Urbana :  |b University of Illinois Press,  |c [2022] 
300 |a 1 online resource ( xi, 206 pages) :  |b illustrations, maps. 
336 |a text  |b txt  |2 rdacontent 
337 |a computer  |b c  |2 rdamedia 
338 |a online resource  |b cr  |2 rdacarrier 
490 1 |a Latinos in Chicago and the Midwest 
504 |a Includes bibliographical references and index. 
505 0 |a Al Brincar el Charco : urban response to the Puerto Rican "problem" -- Community visions of Puerto Rican schooling, 1950- -- Taking it to the streets : the Puerto Rican movement for education in 1970s Chicago -- Learning to resist, resisting to learn : Puerto Ricans and higher education in 1970s Chicago -- Living and writing in the Puerto Rican diaspora -- Conclusion : winning means hope. 
588 |a Description based on online resource; title from digital title page (viewed on February 03, 2022). 
650 0 |a Puerto Ricans  |x Education  |z Illinois  |z Chicago  |x History  |y 20th century. 
650 0 |a Puerto Ricans  |z Illinois  |z Chicago  |x Social conditions  |y 20th century. 
650 0 |a Puerto Ricans  |x Cultural assimilation  |z Illinois  |z Chicago  |x History  |y 20th century. 
650 7 |a Puerto Ricans  |x Cultural assimilation.  |2 fast  |0 (OCoLC)fst01083713 
650 7 |a Puerto Ricans  |x Education.  |2 fast  |0 (OCoLC)fst01083717 
650 7 |a Puerto Ricans  |x Social conditions.  |2 fast  |0 (OCoLC)fst01083744 
651 7 |a Illinois  |z Chicago.  |2 fast  |0 (OCoLC)fst01204048 
648 7 |a 1900-1999  |2 fast 
655 7 |a Electronic books.  |2 local 
710 2 |a JSTOR (Organization) 
776 1 8 |i Print version:  |a VelaÌ?zquez, Mirelsie, 1975-  |t Puerto Rican Chicago  |d Urbana : University of Illinois Press, [2022]  |z 9780252044243  |w (DLC) 2021038314 
830 0 |a Latinos in Chicago and the Midwest. 
856 4 0 |u http://proxy.library.tamu.edu/login?url=https://www.jstor.org/stable/10.5406/j.ctv28hj1g2  |z Connect to the full text of this electronic book  |t 0 
945 |b 201208 
955 |a YBP purchased approval e-records 
980 |b ebook  |c 40030958369  |f NONFIC/B  |g 565751  |k USD  |m 247.50  |q 1  |s AcqMono Conventional  |t Approval plan  |u Vendor order reference number  |v ZYBP  |y E-approvals  |z Electronic resource 
999 f f |i 5a977c0c-28c1-4a2d-b483-b76fbbe77565  |s 1ae1638e-3cd0-4ea3-a777-ff3a2e43e2d2  |t 0 
952 f f |a Texas A&M University  |b College Station  |c Electronic Resources  |s www_evans  |d Available Online  |t 0  |e LC2698.C45 V45 2022  |h Library of Congress classification